| Tag |
First Indicator |
Second Indicator |
Subfields |
| LEADER |
00000pam a2200000 a 4500 |
| 001 |
in00000084848 |
| 005 |
20160106094949.0 |
| 008 |
810312s1982 njuaf b 00110 eng |
| 010 |
|
|
|a 81002486
|
| 020 |
|
|
|a 0130472743 :
|c $18.95
|
| 035 |
|
|
|a (OCoLC)07278079
|
| 035 |
|
|
|9 AAJ0529AM
|
| 039 |
0 |
|
|a 2
|b 3
|c 3
|d 3
|e 3
|
| 040 |
|
|
|a DLC
|c DLC
|d TXA
|d UtOrBLW
|
| 043 |
|
|
|a n-us---
|
| 049 |
|
|
|a TXAM
|c [1361353]
|
| 050 |
0 |
0 |
|a N362
|b .H79
|
| 082 |
0 |
|
|a 372.5/044
|2 19
|
| 100 |
1 |
|
|a Hubbard, Guy
|q (Guy A.)
|
| 245 |
1 |
0 |
|a Art for elementary classrooms /
|c Guy Hubbard.
|
| 264 |
|
1 |
|a Englewood Cliffs, N.J. :
|b Prentice-Hall,
|c [1982]
|
| 264 |
|
4 |
|c ©1982
|
| 300 |
|
|
|a xv, 303 pages, 8 unnumbered pages of plates :
|b illustrations (some color) ;
|c 24 cm.
|
| 336 |
|
|
|a text
|b txt
|2 rdacontent
|
| 337 |
|
|
|a unmediated
|b n
|2 rdamedia
|
| 338 |
|
|
|a volume
|b nc
|2 rdacarrier
|
| 504 |
|
|
|a Includes bibliographies and index.
|
| 650 |
|
0 |
|a Art
|x Study and teaching (Elementary)
|z United States.
|
| 650 |
|
0 |
|a Perceptual learning.
|
| 999 |
|
|
|a MARS
|
| 999 |
f |
f |
|s 4d8ac419-90de-306a-ade0-62281240acd0
|i effae952-e7b3-3892-8087-27dcaaf3db6a
|t 0
|
| 952 |
f |
f |
|p ric
|a Texas A&M University
|b Rellis Campus
|c Joint Library Facility
|d Remote Storage
|t 0
|e N362 .H79
|h Library of Congress classification
|i unmediated -- volume
|m A14806166005
|
| 998 |
f |
f |
|a N362 .H79
|t 0
|l Remote Storage
|